[Event "19th Czech Chladek & Tintera A Open"]
[Site "Pardubice CZE"]
[Date "2008.07.26"]
[Round "9"]
[White "Luch,M"]
[Black "Brkic,A"]
[Result "0-1"]
[WhiteElo "2412"]
[BlackElo "2530"]

1.d4 d5 2.c4 e6 3.Nc3 c6 4.e3 Nf6 5.Nf3 Nbd7 6.Bd3 dxc4 7.Bxc4 b5 8.Be2 Bb7
9.O-O Be7 10.b3 a6 11.a4 b4 12.Nb1 c5 13.Bb2 O-O 14.Nbd2 Rc8 15.Rc1 Nd5 16.Nc4 cxd4
17.Nxd4 Nc5 18.Bf3 Bf6 19.Qc2 e5 20.Nf5 e4 21.Be2 Bxb2 22.Qxb2 Nc3 23.Rxc3 bxc3
24.Qxc3 Ne6 25.Qb4 Rb8 26.Nb6 a5 27.Qxa5 Ba8 28.Nc4 Rxb3 29.Qe5 Qc7 30.Ncd6 Rc3
31.Bh5 Rc5 32.Bxf7+ Qxf7 33.Nxf7 Rxe5 34.Nxe5 Rxf5 35.Rb1 Rxe5 36.Rb8+ Kf7
37.Rxa8 Nc5 38.h4 Nd3 39.g4 Rc5 40.Ra7+ Kf6 41.Ra6+ Ke5 42.Ra7 Rc1+ 43.Kg2 Rc2
44.Ra5+ Ke6 45.Ra6+ Ke5 46.Ra5+ Kd6 47.Ra6+ Kd5 48.Ra5+ Kd6 49.Ra6+ Kc5 50.Ra5+ Kb4
51.Rf5 Kxa4 52.Rf7 Kb4 53.Kg3 Kc3 54.Rc7+ Kb2 55.Re7 Rxf2 56.Rxe4 Rf7 57.g5 Kc3
58.h5 Kd2 59.Re6 Ke2 60.h6 Rf3+ 61.Kh2 g6 62.Re7 Kf1 63.Ra7 Rxe3 64.Ra1+ Kf2
65.Ra7 Nf4 66.Ra2+ Kf3 67.Ra7 Re2+ 68.Kh1 Kg3  0-1

[Event "ZMD Open"]
[Site "Dresden GER"]
[Date "2008.07.27"]
[Round "9"]
[White "Malakhatko,V"]
[Black "Naumann,A"]
[Result "1/2-1/2"]
[WhiteElo "2612"]
[BlackElo "2502"]

1.c4 e6 2.d4 d5 3.Nf3 Nf6 4.Nc3 c6 5.e3 Nbd7 6.Bd3 dxc4 7.Bxc4 b5 8.Bd3 Bb7
9.e4 b4 10.Na4 c5 11.e5 Nd5 12.O-O cxd4 13.Nxd4 Nxe5 14.Bb5+ Nd7 15.Qh5 g6
16.Qe2 Rc8 17.Rd1 a6 18.Bxa6 Bxa6 19.Qxa6 Ra8 20.Qc6 Qc8 21.Qxc8+ Rxc8 22.b3 Bg7
23.Bb2 O-O 24.a3 bxa3 25.Bxa3 Rfd8 26.Rab1  1/2-1/2

[Event "Politiken Cup"]
[Site "Helsingor DEN"]
[Date "2008.07.27"]
[Round "10"]
[White "Moen,A"]
[Black "Aagaard,J"]
[Result "0-1"]
[WhiteElo "2297"]
[BlackElo "2531"]

1.c4 Nf6 2.Nf3 c6 3.Nc3 d5 4.d4 e6 5.e3 a6 6.Bd3 dxc4 7.Bxc4 b5 8.Bd3 c5
9.Qe2 Nbd7 10.O-O Bb7 11.Rd1 Qb8 12.h4 Bd6 13.e4 cxd4 14.Nxd4 O-O 15.a3 Rd8
16.Bc2 h6 17.Nb3 Qc7 18.Na5 Bc8 19.Be3 Bh2+ 20.Kh1 Be5 21.Nb3 Bb7 22.Rac1 Bxc3
23.Bb1 Nxe4 24.Bxe4 Bxe4 25.Rxc3 Qe5 26.Bd4 Bxg2+  0-1

[Event "34th Open"]
[Site "Sitges ESP"]
[Date "2008.07.28"]
[Round "7"]
[White "Jankovic,A"]
[Black "Gonzalez Rodriguez,JA"]
[Result "1-0"]
[WhiteElo "2532"]
[BlackElo "2421"]

1.d4 Nf6 2.Nf3 e6 3.c4 d5 4.Nc3 c6 5.e3 Nbd7 6.Qc2 Bd6 7.g4 Bb4 8.Bd2 O-O
9.g5 Bxc3 10.Bxc3 Ne4 11.Bb4 Re8 12.Bd3 a5 13.Bc3 Nxg5 14.Nxg5 Qxg5 15.Bxh7+ Kh8
16.Bd3 e5 17.cxd5 e4 18.Bxe4 Nf6 19.Bd3 Nxd5 20.O-O-O Be6 21.Rdg1 Qf6 22.Rg3 Nb4
23.d5 Nxa2+ 24.Kd2 Qxf2+ 25.Be2 Bf5 26.Bxg7+ Kh7 27.Qc4 Re4 28.Qxa2 Bg4 29.Re1 Rd8
30.Bd4 Rxd5 31.Qb1 f5 32.Qxe4 fxe4 33.Rxg4 c5 34.Rf1 Rxd4+ 35.exd4 Qxd4+
36.Kc2 Qe3 37.Rxe4  1-0

[Event "13th Open"]
[Site "Creon FRA"]
[Date "2008.07.29"]
[Round "2"]
[White "Skatchkov,P"]
[Black "Ludwig,Re"]
[Result "1/2-1/2"]
[WhiteElo "2491"]
[BlackElo "2175"]

1.Nf3 d5 2.d4 Nf6 3.c4 c6 4.Nc3 e6 5.e3 Nbd7 6.Bd3 dxc4 7.Bxc4 b5 8.Bd3 Bd6
9.O-O O-O 10.e4 e5 11.d5 cxd5 12.Nxd5 Nxd5 13.exd5 a6 14.Re1 Re8 15.Bg5 Qb6
16.Be3 Qb8 17.Ng5 Nf6 18.Qc2 h6 19.Bh7+ Kf8 20.Nxf7 Bb4 21.Nh8 Nxh7 22.Qxh7 Qd6
23.Rec1 Bb7 24.Qf5+ Qf6 25.Qxf6+ gxf6 26.Ng6+ Kg8 27.a3 Bd6 28.Bc5 Kf7 29.Nh4 Bxc5
30.Rxc5 Rac8 31.Rac1 Rxc5 32.Rxc5 Rc8 33.Rxc8 Bxc8 34.f4 Ke7 35.Kf2 Kd6 36.Ke3 Kxd5
37.fxe5 fxe5 38.Nf3  1/2-1/2

[Event "CSOB IM CUP"]
[Site "Mlada Boleslav CZE"]
[Date "2008.07.29"]
[Round "3"]
[White "Vichnar,D"]
[Black "Volodin,V"]
[Result "1-0"]
[WhiteElo "2213"]
[BlackElo "2229"]

1.d4 d5 2.Nf3 e6 3.c4 Nf6 4.Nc3 c6 5.e3 Nbd7 6.Bd3 dxc4 7.Bxc4 b5 8.Bd3 Bb7
9.e4 b4 10.Na4 c5 11.e5 Nd5 12.O-O cxd4 13.Re1 g6 14.Bg5 Qa5 15.Nxd4 Bg7
16.Bb5 a6 17.Bxd7+ Kxd7 18.Nb3 Qb5 19.Nac5+ Kc8 20.Rc1 Kb8 21.Nd4 Qe8 22.Qb3 Ra7
23.a3 Ba8 24.axb4 Nc7 25.Ne4 Bd5 26.Qc2 Bxe5 27.Nf6 Bxf6 28.Bxf6 Rg8 29.Be5 Qd7
30.Qc5 Ka8 31.Qxa7+ Kxa7 32.Rxc7+ Qxc7 33.Bxc7  1-0

[Event "III Open"]
[Site "Oviedo ESP"]
[Date "2008.07.29"]
[Round "7"]
[White "Acebal Muniz,A"]
[Black "Martin Fernandez,J"]
[Result "1-0"]
[WhiteElo "2158"]
[BlackElo "1935"]

1.Nf3 d5 2.d4 Nf6 3.c4 c6 4.Nc3 e6 5.e3 Bd6 6.Bd3 Nbd7 7.O-O O-O 8.e4 dxe4
9.Nxe4 Nxe4 10.Bxe4 h6 11.b3 f5 12.Bc2 e5 13.dxe5 Nxe5 14.Bb2 Nxf3+ 15.Qxf3 Qc7
16.h3 Be5 17.Bxe5 Qxe5 18.Rfe1 Qf6 19.Rad1 Be6 20.Rd6 Rae8 21.Qe3 Kf7 22.Qxa7 Qc3
23.Qe3 Qxe3 24.Rxe3 Bc8 25.Rxe8 Rxe8 26.Kf1 Ke7 27.Rd2 Kf6 28.f4 Be6 29.Kf2 g6
30.Bd1 Bc8 31.Bf3 g5 32.g3 Be6 33.a4 Ra8 34.Ke3 Ke7 35.Rd3 Ra5 36.Kd4 Kd6
37.Re3 Kd7 38.Re5 Ra8 39.Ke3 Kd6 40.Kf2 Ra6 41.Ke3 Ra8 42.Bg2 Rg8 43.c5+ Kd7
44.b4 Ke7 45.b5 cxb5 46.Bd5 Rg6 47.axb5 Kd7 48.Bxe6+ Rxe6 49.Rxe6 Kxe6 50.Kd4 g4
51.h4  1-0

[Event "34th Open"]
[Site "Sitges ESP"]
[Date "2008.07.29"]
[Round "8"]
[White "Jerez Perez,A"]
[Black "Barsov,A"]
[Result "0-1"]
[WhiteElo "2410"]
[BlackElo "2481"]

1.d4 d5 2.c4 e6 3.Nc3 c6 4.e3 Nf6 5.Nf3 a6 6.Bd3 dxc4 7.Bxc4 b5 8.Bd3 c5
9.O-O Nbd7 10.Qe2 Bb7 11.Rd1 Qb8 12.e4 cxd4 13.Nxd4 Bd6 14.h3 Nc5 15.Bg5 b4
16.Bxf6 gxf6 17.Nb1 Bh2+ 18.Kh1 Be5 19.Nf3 O-O 20.Nbd2 Bxb2 21.Rab1 Nxd3
22.Qxd3 Bc3 23.Nc4 Qf4 24.Nd6 Rfd8 25.Rbc1 e5 26.g3 Rxd6 27.gxf4 Rxd3 28.Rxd3 Bxe4
29.Re3 Bd5 30.a3 Bd2 31.Rg1+ Kf8  0-1

[Event "13th Open"]
[Site "Creon FRA"]
[Date "2008.07.30"]
[Round "4"]
[White "Garma,J"]
[Black "Demanghon,J"]
[Result "0-1"]
[WhiteElo "1766"]
[BlackElo "2213"]

1.d4 d5 2.Nf3 Nf6 3.e3 c6 4.c4 e6 5.Nc3 Nbd7 6.Bd3 dxc4 7.Bxc4 b5 8.Bd3 Bd6
9.b3 O-O 10.Bb2 Bb7 11.O-O a6 12.e4 e5 13.Ne2 Qb8 14.Ng3 g6 15.Rc1 Re8 16.a3 exd4
17.Nxd4 c5 18.Nf3 Ne5 19.Nxe5 Bxe5 20.Bxe5 Qxe5 21.f3 Rad8 22.Ne2 Nxe4 23.Qc2 Nf6
24.Rcd1 Nd5  0-1

[Event "IMB Proclient Cup"]
[Site "Olomouc CZE"]
[Date "2008.07.30"]
[Round "1"]
[White "Golichenko,I"]
[Black "Tikkanen,H"]
[Result "0-1"]
[WhiteElo "2381"]
[BlackElo "2417"]

1.d4 d5 2.c4 e6 3.Nc3 c6 4.e3 Nf6 5.Nf3 Nbd7 6.Qc2 Bd6 7.Bd3 dxc4 8.Bxc4 b5
9.Bd3 Bb7 10.O-O O-O 11.e4 e5 12.dxe5 Nxe5 13.Nxe5 Bxe5 14.f4 Bd4+ 15.Kh1 Ng4
16.g3 Nf2+ 17.Kg2 Nxd3 18.Qxd3 b4 19.Nd1 c5 20.Be3 Qe7 21.Nf2 Bxb2 22.Rad1 Rfe8
23.Kg1 Rac8 24.Qd7 Ba6 25.Qxe7 Rxe7 26.Bxc5 Ree8 27.Bxb4 Bxf1 28.Kxf1 Rc4
29.a3 Bc3 30.Rd7 a5 31.Bd6 f6 32.Ke2 Bd4 33.Kd3 Ra4 34.Nd1 Bg1 35.Be7 Rd4+
36.Rxd4 Bxd4 37.Kxd4 Rxe7 38.Ne3 Rb7 39.Nc4 a4 40.e5 fxe5+ 41.fxe5 Rb3 42.Kd5 Kf8
43.Kd4 Ke7 44.Kd5 Rd3+ 45.Ke4 Rc3 46.Kd4 Rb3 47.Kd5 g6 48.e6 Rd3+ 49.Ke4 Rc3
50.Kd4 Rc2 51.Nb6 Rxh2 52.Ke5 Re2+ 53.Kf4 Rxe6 54.Nxa4 Ra6 55.Nc3 Rxa3 56.Nd5+ Kf7
57.Kg4 Ra4+ 58.Kh3 Ke6 59.Nc3 Rc4 60.Nd1 Ke5 61.Ne3 Rc3 62.Nd1 Rb3 63.Kg4 h5+
64.Kh4 Rb4+ 65.Kh3 g5 66.Kg2 Rb3 67.Kf2 Ke4 68.Kg2 Kd3 69.Nf2+ Ke3 70.Nd1+ Kd4
71.g4 h4 72.Nf2 Rg3+ 73.Kh2 Ke3  0-1

[Event "34th Open"]
[Site "Sitges ESP"]
[Date "2008.07.30"]
[Round "9"]
[White "Czakon,J"]
[Black "Lasinskas,P"]
[Result "1/2-1/2"]
[WhiteElo "2510"]
[BlackElo "2269"]

1.d4 d5 2.c4 c6 3.Nc3 Nf6 4.e3 e6 5.Nf3 a6 6.b3 Bd6 7.Bd3 O-O 8.O-O Nbd7
9.Bd2 Qe7 10.Qe2 e5 11.dxe5 Nxe5 12.Nxe5 Bxe5 13.g3 Re8 14.cxd5 Nxd5 15.Rac1 Nxc3
16.Bxc3 Bxc3 17.Rxc3 Be6 18.Rd1 Rad8 19.Rcc1  1/2-1/2

[Event "TIPC Open"]
[Site "Charleroi BEL"]
[Date "2008.07.31"]
[Round "7"]
[White "Schaeken,Y"]
[Black "Pacolet,F"]
[Result "1-0"]
[WhiteElo "1988"]
[BlackElo "1858"]

1.d4 d5 2.c4 c6 3.e3 Nf6 4.Nc3 e6 5.Nf3 Nbd7 6.Qc2 Bd6 7.g4 h6 8.Bd2 e5 9.cxd5 cxd5
10.Nb5 Qb6 11.a4 Bb8 12.Qxc8+  1-0

[Event "Dutch Open"]
[Site "Dieren NED"]
[Date "2008.07.31"]
[Round "9"]
[White "Obers,F"]
[Black "De Ruiter,D"]
[Result "1/2-1/2"]
[WhiteElo "2112"]
[BlackElo "2017"]

1.d4 d5 2.c4 c6 3.Nc3 Nf6 4.e3 e6 5.Nf3 Nbd7 6.Bd3 Be7 7.O-O O-O 8.b3 b6
9.Bb2 Bb7 10.Qe2 c5 11.Rfd1  1/2-1/2

[Event "Open"]
[Site "Olomouc CZE"]
[Date "2008.07.31"]
[Round "1"]
[White "Cerveny,M"]
[Black "Hradsky,J"]
[Result "1-0"]
[WhiteElo "2285"]
[BlackElo "1900"]

1.d4 d5 2.c4 Nf6 3.Nc3 c6 4.Nf3 e6 5.e3 Be7 6.Bd3 O-O 7.O-O b6 8.Ne5 Bb7
9.cxd5 exd5 10.f4 c5 11.Qf3 Nc6 12.Qh3 cxd4 13.exd4 Nxd4 14.Nd7 Ne4 15.Nxf8 Bxf8
16.Be3 Bc5 17.b4 Bxb4 18.Bxd4 Bxc3 19.Bxc3 d4 20.Bb2 Nf6 21.Rfe1 Rc8 22.Ba3 Rc7
23.Re5 h6 24.Rae1  1-0

[Event "IMB Proclient Cup"]
[Site "Olomouc CZE"]
[Date "2008.08.02"]
[Round "5"]
[White "Tikkanen,H"]
[Black "Bures,J"]
[Result "1-0"]
[WhiteElo "2417"]
[BlackElo "2243"]

1.d4 d5 2.c4 c6 3.Nf3 Nf6 4.Nc3 e6 5.e3 Nbd7 6.Bd3 dxc4 7.Bxc4 b5 8.Bd3 Bb7
9.e4 b4 10.Na4 c5 11.e5 Nd5 12.dxc5 Bxc5 13.Nxc5 Nxc5 14.Bc2 Ba6 15.Ng5 b3
16.axb3 Nb4 17.Rxa6 Qxd1+ 18.Kxd1 Nbxa6 19.Bxh7 O-O-O+ 20.Ke2 f6 21.Nf7 Rxh7
22.Nxd8 Kxd8 23.Be3 fxe5 24.Ra1 Rxh2 25.b4 Nxb4 26.Bxc5 Nc6 27.g3 a5 28.Bb6+ Kd7
29.Rd1+ Ke7 30.Bc5+ Kf6 31.Rd6 Nd4+ 32.Bxd4 exd4 33.Rxd4 Rh5 34.Rf4+ Ke7
35.Kd3 Rc5 36.b3 g5 37.Re4 Rf5 38.f4 gxf4 39.gxf4 Rb5 40.Kc3 Kd6 41.Rc4 Rb8
42.Rd4+ Kc5 43.Ra4 Rb5 44.Rxa5  1-0

[Event "Arctic Chess Challenge"]
[Site "Tromso NOR"]
[Date "2008.08.02"]
[Round "1"]
[White "Malakhatko,V"]
[Black "Madland,K"]
[Result "1-0"]
[WhiteElo "2612"]
[BlackElo "2004"]

1.d4 d5 2.c4 c6 3.Nc3 Nf6 4.e3 e6 5.Nf3 Nbd7 6.Bd3 dxc4 7.Bxc4 b5 8.Bd3 Bb7
9.e4 b4 10.Na4 c5 11.e5 Nd5 12.O-O cxd4 13.Re1 Be7 14.Nxd4 O-O 15.Qg4 Re8
16.Bh6 Bf8 17.Bg5 Qa5 18.Bb5 Bc8 19.Qe2 Rb8 20.Rac1 a6 21.Bc6 Ne7 22.Nb3 Qc7
23.Be4 Qd8 24.Red1 h6 25.Bh4 g5 26.Bg3 Nf5 27.Qd2 Qe7 28.Rc7 Nxg3 29.hxg3 Bg7
30.f4 gxf4 31.gxf4 Qh4 32.Qf2 Qg4 33.Qf3 Qxf3 34.Bxf3 Nf8 35.Bc6 Bd7 36.Bxd7  1-0

[Event "Najdorf Memorial Open"]
[Site "Warsaw POL"]
[Date "2008.08.02"]
[Round "1"]
[White "Alvarado,C"]
[Black "Gritsak,O"]
[Result "1/2-1/2"]
[WhiteElo "2184"]
[BlackElo "2522"]

1.d4 Nf6 2.c4 e6 3.Nf3 d5 4.Nc3 c6 5.e3 Nbd7 6.Bd3 dxc4 7.Bxc4 b5 8.Bd3 Bd6
9.O-O O-O 10.Ng5 Qc7 11.f4 h6 12.Nge4 Nxe4 13.Nxe4 Be7 14.Bd2 f5 15.Nf2 Qd6
16.Rc1 Bb7 17.a3 a5 18.b4 Nf6 19.Be2 Nd5 20.Nd3 axb4 21.Bxb4 Nxb4 22.axb4 Ra3
23.Bf3 Bf6 24.Nc5 Bc8 25.Re1 Rf7 26.Kh1 Rfa7 27.Qe2 Ra2 28.Rc2 Ra1 29.g3 g5
30.h3 Kh7 31.Nd3 Bd7 32.Kg2 gxf4 33.gxf4 Be8 34.Rxa1 Rxa1 35.Ra2 Rxa2 36.Qxa2 Qe7
37.Kf1 Qg7 38.Ne5 Bxe5 39.dxe5 Qe7 40.Qa8 Qd7 41.Ke2 Kg7 42.Qb8 Qe7 43.Qc8 h5
44.Bxc6 Bxc6 45.Qxc6 Qxb4 46.Qd7+ Kf8 47.Qd8+ Kg7 48.Qf6+ Kh7 49.Qf7+ Kh8
50.Qxh5+ Kg7 51.Qg5+ Kh7 52.Qh4+ Kg7 53.Qf6+ Kh7 54.Qxe6 Qb2+ 55.Kf3 Qb1
56.Qf7+ Kh6 57.Qf6+ Kh7 58.Qh4+ Kg7 59.Qf2 b4 60.Qd2 b3 61.Qd7+ Kh6 62.Qe6+ Kg7
63.Qe7+ Kh6 64.Qf6+  1/2-1/2

[Event "FSGM August"]
[Site "Budapest HUN"]
[Date "2008.08.03"]
[Round "2"]
[White "Kosic,D"]
[Black "Vera Gonzalez Quevedo,R"]
[Result "1/2-1/2"]
[WhiteElo "2516"]
[BlackElo "2493"]

1.d4 d5 2.c4 e6 3.Nf3 Nf6 4.Nc3 c6 5.e3 Nbd7 6.Qc2 Bd6 7.b3 O-O 8.Be2 a6
9.O-O e5 10.cxd5 cxd5 11.dxe5  1/2-1/2

[Event "IX Miquel Mas de Figueres Open"]
[Site "Castell de Sant Ferran ESP"]
[Date "2008.08.03"]
[Round "3"]
[White "Deschler,F"]
[Black "Corrales Jimenez,F"]
[Result "1-0"]
[WhiteElo "2141"]
[BlackElo "2504"]

1.Nf3 d5 2.d4 Nf6 3.c4 c6 4.Nc3 e6 5.e3 dxc4 6.Bxc4 b5 7.Bd3 a6 8.O-O Bb7
9.e4 h6 10.Qe2 Nbd7 11.e5 Nd5 12.Nxd5 cxd5 13.Bd2 Be7 14.Rac1 O-O 15.Bb1 Re8
16.Qd3 Nf8 17.Qc3 Rc8 18.Qa5 Qd7 19.Rxc8 Rxc8 20.Rc1 Rc4 21.Rd1 b4 22.Qb6 Bd8
23.Qd6 Qxd6 24.exd6 a5 25.Bf4 g5 26.Bg3 f6 27.Bd3 Rc6 28.Ne1 Kf7 29.h4 Bb6
30.Bb5 Rc8 31.hxg5 hxg5 32.Kh2 Bc6 33.Be2 Bd7 34.f4 gxf4 35.Bxf4 Ng6 36.Bh5 Rh8
37.g4 e5 38.Bxe5 Bxg4 39.Rd2 fxe5  1-0

[Event "17th Open"]
[Site "Kavala GRE"]
[Date "2008.08.03"]
[Round "5"]
[White "Milanovic,Da"]
[Black "Kotanjian,T"]
[Result "0-1"]
[WhiteElo "2529"]
[BlackElo "2578"]

1.d4 d5 2.c4 e6 3.Nc3 c6 4.e3 Nf6 5.Nf3 Nbd7 6.Qc2 Bd6 7.g4 h6 8.h3 a6 9.Bd2 dxc4
10.e4 Be7 11.e5 Nd5 12.Bxc4 Nxc3 13.Bxc3 b5 14.Be2 Bb7 15.O-O b4 16.Bd2 c5
17.Rad1 cxd4 18.Bf4 Rc8 19.Qd2 Nb6 20.Qxd4 Nd5 21.Qa7 Rc7 22.Bxa6 Bc5 23.Bb5+ Ke7
24.Qa4 Qa8 25.Bg3 g5 26.Nd4 h5 27.Qxa8 Bxa8 28.Be2 Ra7 29.Nb3 Bb6 30.gxh5 Nf4
31.Bxf4 gxf4 32.Bg4 Rxa2 33.Rd2 Rd8 34.h6 Rh8 35.Nc1 Ra5 36.Nd3 Rxh6 37.Re1 b3
38.Nxf4 Ra4 39.Nh5 Ba5 40.Red1 Bxd2 41.Rxd2 Rh8 42.Rd3 Bd5 43.Nf6 Rd8 44.Nxd5+ Rxd5
45.Rxb3 Rxe5 46.Rb7+ Kf6 47.Kg2 Kg6 48.Kg3 Rg5 49.b4 Ra3+ 50.Kh4 Re5 51.f3 Rb3
52.Rb6 Rd5 53.f4 Kg7 54.Rb7 Rd4 55.Bxe6 Rxf4+ 56.Kg5 Rbxb4 57.Rc7 Rf6 58.Bg4 Rfb6
59.Rc5 R6b5 60.Rxb5 Rxb5+ 61.Bf5 Rb4 62.Bd7 Rd4 63.Bf5 f6+ 64.Kh5 Rf4 65.Be6 Rf1
66.Bc4 Rg1 67.Be6 Rg5+ 68.Kh4 Kf8 69.Bg4 Ke7 70.Bc8 Kd6 71.Bg4 Ke5 72.Bc8 Rg8
73.Bd7 f5 74.Kh5 f4 75.h4 f3 76.Kh6 f2 77.Bb5 Kf6  0-1

[Event "83rd ch-ARG"]
[Site "La Plata ARG"]
[Date "2008.08.03"]
[Round "5"]
[White "Quiroga,F"]
[Black "Lemos,D"]
[Result "1/2-1/2"]
[WhiteElo "2339"]
[BlackElo "2479"]

1.d4 d5 2.c4 c6 3.Nf3 Nf6 4.Nc3 e6 5.e3 Nbd7 6.Bd3 dxc4 7.Bxc4 b5 8.Bd3 Bd6
9.a4 b4 10.Ne4 Nxe4 11.Bxe4 Bb7 12.a5 Rc8 13.a6 Ba8 14.Nd2 O-O 15.O-O Nf6
16.Bf3 Qc7 17.h3 Rfd8 18.Qb3 c5 19.Bxa8 Rxa8 20.dxc5 Qxc5 21.Nc4 Be7 22.Na5 Qb5
23.Nb7 Rd3 24.Ra5 Qd7 25.Qc4 Rc8 26.Nc5 Rd5 27.Nxd7 Rxc4 28.Nxf6+ Bxf6 29.Rxd5 exd5
30.b3 Rc3 31.Bb2 Rxb3 32.Bxf6 gxf6 33.Rd1 Ra3 34.Rd4 Ra4 35.g4 Kf8 36.e4 Rxa6
37.Rxb4 Rb6 38.Ra4 dxe4 39.Rxa7 Kg7 40.Ra4 Rd6 41.Kg2 Kg6 42.Ra8 f5 43.Kg3 fxg4
44.hxg4 Kg7 45.Ra3  1/2-1/2

[Event "IMB Proclient Cup"]
[Site "Olomouc CZE"]
[Date "2008.08.03"]
[Round "7"]
[White "Golichenko,I"]
[Black "Blomqvist,E"]
[Result "0-1"]
[WhiteElo "2381"]
[BlackElo "2322"]

1.d4 d5 2.c4 c6 3.Nf3 Nf6 4.Nc3 e6 5.e3 Nbd7 6.Qc2 Bd6 7.Bd3 O-O 8.O-O h6
9.h3 Re8 10.b3 dxc4 11.Bxc4 e5 12.dxe5 Nxe5 13.Nxe5 Bxe5 14.Bb2 Qe7 15.Rad1 Be6
16.Bxe6 Qxe6 17.Na4 Bxb2 18.Qxb2 Rad8 19.Rd4 Rd5 20.Rxd5 Qxd5 21.Nc3 Qe5
22.Rd1 Nd5 23.Rd4 Nf6 24.Qd2 Qe7 25.Qd3 g6 26.b4 Kg7 27.b5 Rc8 28.Ne4 cxb5
29.Nd6 Rc1+ 30.Kh2 a6 31.Qd2 Rc6 32.e4 Ne8 33.Nxe8+ Qxe8 34.f4 Qe6 35.e5 Qf5
36.Qe3 Rc4 37.g4 Qc2+ 38.Rd2 Qc1 39.e6 Re4 40.Qxe4 Qxd2+ 41.Kg3 Qc3+ 42.Kh4 Qf6+
43.g5 Qxe6 44.gxh6+ Kxh6 45.Qxb7 Qe1+ 46.Kg4 f5+ 47.Kf3 Qh4  0-1

[Event "IMB Proclient Cup"]
[Site "Olomouc CZE"]
[Date "2008.08.03"]
[Round "7"]
[White "Tibensky,R"]
[Black "Bures,J"]
[Result "1-0"]
[WhiteElo "2416"]
[BlackElo "2243"]

1.d4 d5 2.c4 c6 3.Nf3 Nf6 4.e3 e6 5.Nc3 Nbd7 6.Qc2 Bd6 7.Bd3 b6 8.O-O Bb7
9.Rb1 Ba6 10.b3 Rc8 11.e4 dxe4 12.Nxe4 Nxe4 13.Bxe4 Nf6 14.Re1 Bb7 15.Bg5 h6
16.Bh4 Be7 17.Bg3 O-O 18.Red1 Nd7 19.Qe2 Qe8 20.b4 Nf6 21.Bc2 Ba6 22.Qd3 g6
23.Ne5 Nh5 24.Qa3 Nxg3 25.hxg3 Bb7 26.Qxa7 Rb8 27.Qxb6 Qc8 28.Ba4 Ba8 29.Nxc6  1-0

[Event "5th Open"]
[Site "Kalamaria GRE"]
[Date "2008.08.04"]
[Round "3"]
[White "Saravanan,V1"]
[Black "Mastrovasilis,A"]
[Result "1/2-1/2"]
[WhiteElo "2405"]
[BlackElo "2518"]

1.Nf3 Nf6 2.c4 e6 3.Nc3 d5 4.d4 c6 5.e3 Nbd7 6.Qc2 b6 7.Be2 Bb7 8.O-O dxc4
9.Bxc4 c5 10.Ne5 Qc7 11.Nxd7 Qxd7 12.dxc5 Bxc5 13.Bb5 Bc6 14.Rd1 Qb7 15.Bxc6+ Qxc6
16.Na4 Rc8 17.Nxc5 Qxc5 18.Qxc5 Rxc5 19.b3 Rd5 20.Bb2 Rxd1+ 21.Rxd1 O-O 22.Bxf6 gxf6
23.Rd7 Rc8 24.g4 a5 25.Rd6 Rb8 26.Rd7 Rc8 27.Kg2 Kf8 28.Rd6 Rb8 29.Rd7  1/2-1/2

[Event "Abkhasian Open"]
[Site "Sukhumi GEO"]
[Date "2008.08.04"]
[Round "2"]
[White "Kharlamov,I1"]
[Black "Khachatourian,Y"]
[Result "1-0"]
[WhiteElo "2090"]
[BlackElo "2022"]

1.d4 Nf6 2.c4 e6 3.Nf3 c6 4.e3 d5 5.Nc3 Nbd7 6.Bd3 Bd6 7.O-O O-O 8.e4 dxe4
9.Nxe4 Nxe4 10.Bxe4 h6 11.b3 e5 12.Bc2 Re8 13.Re1 exd4 14.Rxe8+ Qxe8 15.Qxd4 Bc5
16.Qd3 Nf8 17.Bb2 Be6 18.Qc3 f6 19.b4 Be7 20.Nd4 Rd8 21.Re1 Bd7 22.c5 Bc8
23.Bb3+ Rd5 24.Qf3 Qd8 25.Nf5 Be6 26.Bxd5 Bxd5 27.Nxe7+  1-0

[Event "Abkhasian Open"]
[Site "Sukhumi GEO"]
[Date "2008.08.04"]
[Round "2"]
[White "Demianjuk,A"]
[Black "Taysayev,T"]
[Result "1/2-1/2"]
[WhiteElo "2317"]
[BlackElo "2164"]

1.d4 Nf6 2.c4 c6 3.Nc3 d5 4.Nf3 e6 5.e3 Be7 6.Bd3 O-O 7.O-O dxc4 8.Bxc4 b5
9.Bd3 b4 10.Na4 Ba6 11.Ne5 Bxd3 12.Nxd3 Nbd7 13.Bd2 Qb8 14.Rc1 Bd6 15.h3 Ne4
16.Be1 Rc8 17.Qf3 f5 18.Qd1 Nef6 19.Nac5 Bxc5 20.Nxc5 Nxc5 21.Rxc5 Nd7 22.Rc1 Qd6
23.f3 a5 24.Rf2 e5 25.dxe5 Qxd1 26.Rxd1 Nxe5 27.b3 Rd8 28.Rfd2 Rxd2 29.Rxd2 Kf8
30.Bg3 Nf7 31.Rc2 a4 32.Be1 axb3 33.axb3 Ra1 34.Kf2 Rb1 35.Bxb4+ Ke8 36.Rc3 Rb2+
37.Kg3 Kd7 38.h4 g6 39.Bc5 Rd2 40.b4 Ne5 41.Ra3 Ke6 42.Ra7 Nd3 43.Re7+ Kf6
44.Rd7 h6 45.Bd4+ Ke6 46.Rg7 Kd5 47.Rxg6 f4+ 48.exf4 Rxg2+ 49.Kxg2 Nxf4+
50.Kg3 Nxg6  1/2-1/2

[Event "Arctic Chess Challenge"]
[Site "Tromso NOR"]
[Date "2008.08.04"]
[Round "3"]
[White "Thingstad,E"]
[Black "Prakken,G"]
[Result "1-0"]
[WhiteElo "2019"]
[BlackElo "2220"]

1.d4 d5 2.c4 e6 3.Nc3 c6 4.e3 Nf6 5.Nf3 Nbd7 6.Qc2 b6 7.Bd3 Bb7 8.O-O dxc4
9.Bxc4 c5 10.Qe2 a6 11.Rd1 Qc7 12.a3 b5 13.Bd3 Bd6 14.dxc5 Bxc5 15.b4 Be7
16.Bb2 O-O 17.Rac1 Qb8 18.Ng5 Ne5 19.Bb1 Neg4 20.f4 Qa7 21.Re1 Rfd8 22.Nce4 h6
23.Rc7 hxg5 24.Rxe7 Re8 25.Rxe8+ Rxe8 26.Nd6 Rd8 27.Nxb7 Qxb7 28.fxg5 Qc7
29.g3  1-0

[Event "12th HZ Open"]
[Site "Vlissingen NED"]
[Date "2008.08.04"]
[Round "4"]
[White "Albrecht,A"]
[Black "Timmermans,I"]
[Result "0-1"]
[WhiteElo "1989"]
[BlackElo "2220"]

1.d4 d5 2.Nf3 e6 3.c4 Nf6 4.Nc3 c6 5.e3 Nbd7 6.Bd3 dxc4 7.Bxc4 b5 8.Bd3 Bb7
9.O-O a6 10.e4 b4 11.Na4 c5 12.e5 Nd5 13.Re1 cxd4 14.Nxd4 Nc5 15.Nxc5 Bxc5
16.Nf3 h6 17.Qe2 Qb6 18.Bd2 Rd8 19.Rac1 Ne7 20.Rf1 O-O 21.Rc4 Nf5 22.Rfc1 Rc8
23.b3 Rfd8 24.Be1 a5 25.R4c2 g6 26.Rd1 Bxf3 27.Qxf3 Nd4 28.Qf6 Nxc2 29.Bxg6 Qc7
30.Bxf7+ Qxf7 31.Rxd8+ Rxd8 32.Qxd8+ Qf8 33.Qd1 Nxe1 34.Qxe1 Qf5 35.h3 Bd4
36.g4 Qxe5 37.Qb1 Qg3+  0-1

[Event "FSIMA August"]
[Site "Budapest HUN"]
[Date "2008.08.05"]
[Round "4"]
[White "Szeberenyi,A"]
[Black "Strunski,A"]
[Result "1-0"]
[WhiteElo "2318"]
[BlackElo "2294"]

1.d4 d5 2.c4 c6 3.Nc3 Nf6 4.e3 e6 5.Nf3 Nbd7 6.Qc2 Bd6 7.Bd3 O-O 8.O-O dxc4
9.Bxc4 a6 10.a4 c5 11.Ne4 Nxe4 12.Qxe4 Nf6 13.Qh4 cxd4 14.exd4 Nd5 15.Bg5 f6
16.Bd3 g6 17.Bh6 Rf7 18.Ne5 Re7 19.Ng4 Rc7 20.Rac1 g5 21.Rxc7 gxh4 22.Rg7+ Kh8
23.Rxh7+ Kg8 24.Bg7 Bxh2+ 25.Kh1 f5 26.Rh8+ Kxg7 27.Rxd8 Bc7 28.Rxd5 exd5
29.Ne3 Bb6 30.Nxd5 Bxd4 31.Re1 b5 32.Re8 Kf7 33.Nc7 bxa4 34.Bc4+  1-0

[Event "17th Open"]
[Site "Kavala GRE"]
[Date "2008.08.05"]
[Round "7"]
[White "Shavtvaladze,N"]
[Black "Kharitonov,Alexandr"]
[Result "0-1"]
[WhiteElo "2435"]
[BlackElo "2531"]

1.d4 d5 2.Nf3 Nf6 3.c4 c6 4.Nc3 e6 5.e3 Nbd7 6.Qc2 Bd6 7.b3 O-O 8.Be2 Re8
9.O-O dxc4 10.bxc4 e5 11.Rd1 exd4 12.exd4 Nf8 13.Bg5 h6 14.Bxf6 Qxf6 15.Ne4 Qg6
16.Bd3 Bg4 17.Ned2 Qf6 18.Re1 Bf4 19.Qb2 b6 20.Ne5 Bxe5 21.dxe5 Qe6 22.f4 Rad8
23.Bf1 Bf5 24.c5 Qd5 25.Nb3 Ne6 26.cxb6 axb6 27.Qf2 c5 28.Rac1 Qa8 29.Bb5 Rf8
30.a4 Nd4 31.Nxd4 Rxd4 32.Rcd1 Rfd8 33.Rxd4 Rxd4 34.h3 Qd5 35.g4 Bd3 36.f5 Bxb5
37.axb5 Re4 38.Rxe4 Qxe4 39.Qb2 h5 40.Qg2 Qxe5 41.gxh5 Qxf5 42.Qc6 Qe6 43.Kg2 Kh7  0-1

[Event "12th HZ Open"]
[Site "Vlissingen NED"]
[Date "2008.08.05"]
[Round "5"]
[White "Bruzon Batista,L"]
[Black "Di Berardino,D"]
[Result "1-0"]
[WhiteElo "2592"]
[BlackElo "2471"]

1.c4 c6 2.Nc3 d5 3.d4 Nf6 4.e3 e6 5.Nf3 a6 6.Bd3 dxc4 7.Bxc4 b5 8.Bd3 c5
9.a4 b4 10.Ne4 Nbd7 11.O-O Bb7 12.Ned2 Be7 13.Qe2 cxd4 14.exd4 O-O 15.a5 Bd5
16.Nc4 Qb8 17.Re1 Qb7 18.Bg5 Bxf3 19.gxf3 Qd5 20.Ne5 Qxd4 21.Nc6 Qc5 22.Nxe7+ Qxe7
23.Bxa6 Qc5 24.Bf4 h5 25.Bg3 Nd5 26.Rec1 Qd4 27.Rc4 Qf6 28.Bb7 Ra7 29.a6 N7b6
30.Rc6 h4 31.Be5 Qe7 32.Bd6 Qg5+ 33.Kh1 Rd8 34.Rg1 Qh5 35.Rxb6  1-0

[Event "US Open"]
[Site "Dallas USA"]
[Date "2008.08.06"]
[Round "5"]
[White "Bradford,J"]
[Black "Schoonmaker,N"]
[Result "1-0"]
[WhiteElo "2418"]
[BlackElo "2195"]

1.Nf3 d5 2.d4 Nf6 3.c4 e6 4.Nc3 c6 5.e3 Nbd7 6.Qc2 Bd6 7.b3 O-O 8.Be2 Qe7
9.O-O dxc4 10.bxc4 e5 11.c5 Bc7 12.a4 Re8 13.Ba3 e4 14.Nd2 Nf8 15.Nc4 Ng4
16.Nd6 Bxd6 17.cxd6 Qh4 18.Bxg4 Bxg4 19.Nxe4 Bf5 20.f3 Bxe4 21.fxe4 Qxe4
22.Qxe4 Rxe4 23.Rfb1 b6 24.Rb3 f5 25.Rc1 f4 26.exf4 Rxf4 27.Rxc6 Re8 28.h3 h5
29.Rf3 Rxd4 30.Rc7 h4 31.Bb2 Rd1+ 32.Kh2 Ne6 33.Re7 Rc8 34.Rxe6 Rc2 35.Ba3 Ra2
36.Re4 Rdd2 37.Rg4 a5 38.d7 Rxd7 39.Rxh4 g6 40.Rg4 Kh7 41.Rh4+ Kg7 42.Bc1  1-0

[Event "Abkhasian Open"]
[Site "Sukhumi GEO"]
[Date "2008.08.06"]
[Round "4"]
[White "Kvitsihiya,U"]
[Black "Zukhba,T"]
[Result "1-0"]
[WhiteElo "2213"]
[BlackElo "2238"]

1.d4 d5 2.Nf3 Nf6 3.c4 c6 4.e3 e6 5.Nc3 g6 6.Bd3 Bg7 7.O-O O-O 8.h3 Nbd7
9.e4 dxe4 10.Bxe4 Nxe4 11.Nxe4 Nb6 12.b3 Qe7 13.a4 Qc7 14.Be3 e5 15.dxe5 Bxe5
16.Nxe5 Qxe5 17.Bh6 Re8 18.Re1 Be6 19.Nd6 Qf6 20.Nxe8 Rxe8 21.Qd2 Rd8 22.Qe3 Qf5
23.Rad1 Re8 24.a5 Nc8 25.Qc3 f6 26.Rd3 Qh5 27.Qxf6 Qxh6 28.Rxe6 Rxe6 29.Rd8+  1-0